Animals A-Z - Statistics

General Stats
  • This quiz has been taken 83 times
  • The average score is 23 of 26
Answer Stats
Picture Hint Answer % Correct
A Ant
100%
B Bear
100%
C Cow
100%
D Duck
98%
E Elephant
98%
F Fox
98%
G Goose
98%
L Lion
98%
O Owl
98%
P Pig
98%
J Jaguar
97%
K Koala
97%
M Monkey
95%
R Rabbit
95%
S Snake
95%
W Whale
95%
H Hippopotamus
93%
I Iguana
93%
T Turtle
93%
V Vulture
93%
Z Zebra
93%
Y Yak
89%
N Newt
74%
Q Quetzal
46%
U Uakari
26%
X Xerus
21%
No matching quizzes found
Score Distribution
Percent of People with Each Score
Percentile by Number Answered
Your Score History
You have not taken this quiz